[Event "Hector S Nazzari Memorial 2019"]
[Site "Montevideo"]
[Date "2019.10.17"]
[Round "4.10"]
[White "Lopez Falcon, Jorge"]
[Black "Palacio, Enzo"]
[Result "0-1"]
[WhiteElo "2166"]
[BlackElo "1780"]
[Annotator "TA"]
[PlyCount "160"]
[EventDate "2019.10.14"]
[EventType "swiss"]
[EventCountry "URU"]
[SourceTitle "playchess.com"]
[Source "ChessBase"]
[SourceQuality "1"]

{[%evp 15,160,22,27,8,91,99,109,119,114,114,112,80,79,57,61,59,51,47,55,33,52,33,35,32,32,32,34,34,43,43,47,31,47,39,46,37,42,34,34,34,35,0,2,0,0,0,0,0,0,0,72,54,172,0,35,16,73,46,61,0,355,355,348,348,342,339,327,271,331,302,325,318,223,61,80,62,79,65,78,0,0,0,0,0,0,0,-6,-71,-77,-397,-375,-374,-328,-1296,-1183,-1097,-1091,-1701,-1678,-1678,-1667,-1685,-1604,-2082,-2162,-29980,-29980,-12823,-6617,-5206,-25,-44,-95,-191,-191,-187,-186,-386,-16,-525,0,-29953,-2054,-29963,-29965,-29964,-29967,-29966,-29969,-29969,-29970,-29969,-29971,-29973,-29975,-29976,-29977,-29977,-29978,-29978,-29979,-29979,-29979,-29979,-29980,-29981,-29981]} 1. d4 Nf6 2. c4 g6 3. Nf3 Bg7 4. Nc3 O-O 5. g3 d6 6. Bg2 c6 7. O-O Bf5 8. Re1 Ne4 9. Qb3 {next Nh4 is good for White. E62: King's Indian: Fianchetto: 6...c6 and Panno Variation (6...Nc6) without ...a6} Qb6 (9... Nxc3 $11 {keeps the balance.} 10. Qxb7 (10. bxc3 Bc8 $14) (10. Qxc3 c5 $11) 10... Qb6 11. Qxb6 (11. Qxa8 Nxe2+ 12. Rxe2 Na6 $11) 11... axb6 12. bxc3 Ra4) 10. Nh4 $1 $16 (10. g4 Nxc3 11. gxf5 Ne4 12. fxg6 hxg6 13. Qd3 d5 14. b3 Nd7 15. Be3 e6 16. h4 f5 17. cxd5 exd5 {1-0 (48) Mamedyarov,S (2800)-Caruana,F (2808) Paris 2017}) 10... Nxc3 11. Nxf5 {White is better.} gxf5 12. bxc3 Nd7 {[%cal Bb8d7,Bd7f6,Bf6e4][%mdl 32]} 13. Bh3 $146 ({Predecessor:} 13. Rb1 Rab8 14. Bg5 Rfe8 15. Qa3 Qc7 16. Qxa7 e5 {1-0 (36) Jasnikowski,Z (2455)-Dworakowski,L (2205) Rewal 1992}) 13... e6 14. Rb1 d5 15. Bf4 Qxb3 16. axb3 Rfc8 17. Bg2 Nf6 18. c5 Ne4 19. Bxe4 fxe4 20. Ra1 a6 21. Ra4 Bf6 22. Rb4 Ra7 23. Ra1 Bd8 24. Kg2 Bc7 25. Bxc7 Rxc7 $14 {[%mdl 4096] Endgame KRR-KRR} 26. Rba4 Ra8 27. Rf1 Rf8 28. f3 f5 29. fxe4 dxe4 30. Raa1 Rd7 31. e3 Kg7 32. Rf4 Kg6 (32... h5 $11) 33. Raf1 h5 {[#]} (33... Rdf7 $14) 34. g4 $2 (34. Rxe4 $1 $18 {[%mdl 512]} Kf6 (34... fxe4 35. Rxf8) 35. Ref4) 34... Rdf7 35. gxf5+ exf5 (35... Rxf5 $11 36. Rxf5 Rxf5) 36. Rg1 Kf6 37. Kf1 ({Better is} 37. Kh3 $1 $14) 37... Rg7 $2 {[%mdl 8192] [#]} (37... Rb8 $11 {and Black stays safe.}) 38. Rxf5+ $1 $18 {[%mdl 576] Deflection} Kxf5 39. Rxg7 {KR-KR} Ke6+ 40. Ke2 Rb8 41. Rc7 Kf5 42. b4 h4 43. h3 Rg8 44. Rf7+ $2 (44. Rxb7 $18 Rg2+ 45. Kf1) 44... Ke6 $14 45. Rf4 Kd5 46. Rg4 Rh8 $1 ({Wrong is} 46... Rxg4 $2 47. hxg4 Kc4 48. Kf2 $18) 47. c4+ (47. Rg7 $16) 47... Kxc4 $11 48. Rxe4 Kxb4 {Black wants to play ...Kc3.} 49. Re7 Rb8 {With the idea ...Kc3.} 50. Kd3 a5 {[%cal Ba6a5,Ba5a4,Ba4a3,Ba3a2][%mdl 32]} 51. Rg7 (51. Kc2 $1 $11 {remains equal.}) 51... a4 $17 52. Rg1 $2 {[%mdl 8192]} (52. Kc2 $17) 52... a3 $19 53. Rb1+ Ka4 {aiming for ...a2.} 54. Kc3 $2 (54. Kc2 a2 55. Re1) 54... a2 55. Rd1 Ka3 56. Kc2 Ra8 57. Kc3 Re8 58. Kd3 Rg8 59. e4 Rg3+ 60. Kc4 Rxh3 61. d5 cxd5+ 62. exd5 Rg3 $2 (62... Rb3 $19 {( -> ...Rb4+)} 63. d6 Rb1 64. Rd3+ Ka4) 63. d6 $11 Rg8 64. Kb5 (64. Rd3+ $17 Ka4 65. Rd1) 64... Kb2 $19 65. Rd2+ Kb3 66. Rd1 Kc2 $2 (66... Rg4 $19 67. Kb6 Rd4 $1 {[%mdl 576] Promotion}) 67. Rh1 $2 {[%mdl 8192]} (67. Rf1 $11) 67... h3 $2 ({Black should try} 67... Rg3 $1 $19 {Strongly threatening ...Rh3!} 68. Kb4 Rh3 $1 {[%mdl 512]}) 68. Kb6 $2 {[%mdl 8192]} (68. d7 $11) 68... Rg7 (68... Kb2 $142 69. c6 bxc6 70. Rh2+ Rg2 71. d7 a1=Q 72. d8=Q Qg1+ {[%mdl 64] Double Attack} 73. Kb7 Rxh2 74. Kc8 Rc2 75. Qh4 h2 76. Qb4+ Kc1 77. Qa3+ Kd2 78. Qd6+ Kc3 79. Qa3+ Kc4 80. Qa4+ Kd3 81. Qa6+ Kd4 82. Qa7+ Rc5 83. Qa2 Qg4+ 84. Kc7 Qf4+ 85. Kc8 Qg4+ 86. Kc7 Qf4+ 87. Kc8 h1=Q 88. Qa4+ Ke5 89. Qb3 Qf8+ 90. Kc7 Qh7+ 91. Kb6 Qb8+ 92. Kxc5 {[#]} Qc2+ $1 {[%mdl 576] Deflection} 93. Qxc2 Qb5#) 69. c6 bxc6 {Black mates.} 70. Kxc6 Kb2 71. d7 {[#]} Rxd7 $1 {[%mdl 512]} 72. Rh2+ (72. Kxd7 a1=Q) 72... Kc1 73. Rxa2 Rd2 74. Ra3 h2 75. Rh3 Kd1 76. Kc5 Ke1 77. Kc4 Kf1 78. Kc3 Ra2 79. Rh8 Kg1 80. Kb3 Rf2 {Accuracy: White = 32%, Black = 55%.} 0-1

[Event "Hector S Nazzari Memorial 2019"]
[Site "Montevideo"]
[Date "2019.10.17"]
[Round "4.11"]
[White "Ramos Correa, Gabriel"]
[Black "Vaz Lacuesta, Leonardo"]
[Result "0-1"]
[WhiteElo "1889"]
[BlackElo "2103"]
[Annotator "TA"]
[PlyCount "34"]
[EventDate "2019.10.14"]
[EventType "swiss"]
[EventCountry "URU"]
[SourceTitle "playchess.com"]
[Source "ChessBase"]
[SourceQuality "1"]

{[%evp 9,96,25,65,76,58,55,54,46,100,90,89,33,58,31,155,76,54,46,67,0,0,0,0,0,0,0,27,22,18,25,18,0,0,-66,-68,-97,-72,-138,-137,-136,-120,-175,-171,-182,-184,-180,-161,-163,-177,-175,-160,-158,-141,-141,-124,-168,-156,-152,-152,-154,-168,-186,-177,-175,0,-105,-105,-95,-70,-64,0,0,0,-112,-110,-145,-108,-379,-233,-242,-265,-517,-415,-400,-280,-29983,-29983,-29995,-29996]} 1. d4 d5 2. c4 c6 3. Nc3 Nf6 4. Nf3 a6 5. e3 dxc4 (5... g6 6. Be2 Bg7 7. O-O O-O 8. a4 e6 9. b4 Ne4 10. Nxe4 dxe4 11. Nd2 f5 12. c5 Nd7 13. Nc4 Nf6 14. f3 Bd7 15. Nd6 exf3 16. Bxf3 {0-1 (36) Wei,Y (2721)-Yu,Y (2763) Khanty-Mansiysk 2019}) 6. Bxc4 {D15: Slav Defence: 4 Nc3 a6 and gambit lines after 4 Nc3 dxc4} b5 7. Bd3 (7. Bb3 {looks sharper.} e6 8. e4 c5 9. e5 cxd4 10. Nxd4 Bc5 11. Nxe6 Qxd1+ 12. Bxd1 Bxe6 13. exf6 gxf6 14. Bf3) 7... e6 8. e4 {White is slightly better.} Be7 (8... c5 $14) 9. O-O $16 Bb7 10. Re1 $146 (10. Be3 $16) ({Predecessor:} 10. a3 Nbd7 11. e5 Nd5 12. Nxd5 cxd5 13. Bd2 {0-1 (61) Trisa Ard,N (2214)-Bitoon,J (2193) Bangkok 2015}) 10... c5 $14 11. e5 Nfd7 ({Black should play} 11... Nd5 $14) 12. Be4 (12. d5 $142 $1) 12... Bxe4 $16 13. Nxe4 cxd4 14. Qxd4 (14. Nd6+ $14 Bxd6 15. exd6) 14... Nc6 $11 15. Qc3 Rc8 {White must now prevent ...Nb4.} 16. Nd6+ Bxd6 $1 17. exd6 O-O {Played: Nc6-e5} 0-1

[Event "Hector S Nazzari Memorial 2019"]
[Site "Montevideo"]
[Date "2019.10.17"]
[Round "4.12"]
[White "Genta, Alejandro"]
[Black "Belistri, Ubaldo"]
[Result "1/2-1/2"]
[WhiteElo "2036"]
[BlackElo "1853"]
[Annotator "NA RC"]
[PlyCount "52"]
[EventDate "2019.10.14"]
[EventType "swiss"]
[EventCountry "URU"]
[SourceTitle "playchess.com"]
[Source "ChessBase"]
[SourceQuality "1"]
[TimeControl "5400+30"]

{[%evp 8,49,15,32767,32767,32767,15,10,20,13,19,22,51,37,50,52,32767,32767,32767,32767,32767,32767,32767,32767,74,70,125,32767,32767,32767,26,32767,32767,32767,0,32767,32767,0,0,-18,0,0,0,0]} 1. Nf3 {[%emt 0:16:26]} d5 {[%emt 0:00:27]} 2. b3 {[%emt 0:01:53]} Nf6 {[%emt 0:01:06]} 3. Bb2 {[%emt 0:00:05]} e6 {[%emt 0:00:37]} 4. e3 {[%emt 0:00:35]} c5 {[%emt 0:01:05]} 5. d4 {[%emt 0:00:55]} Nc6 {[%emt 0:00:46]} 6. Nbd2 {[%emt 0:03:05]} cxd4 {[%emt 0:09:41]} 7. exd4 {[%emt 0:00:29]} Be7 {[%emt 0:04:04] D05: Colle System with ...e6} (7... g6 8. Bb5 Bg7 9. O-O O-O 10. Re1 Qb6 11. a4 Bd7 12. c4 a6 13. Bxc6 Bxc6 14. c5 Qc7 15. b4 {½-½ (63) Kramnik,V (2811)-Nakamura,H (2793) Zuerich 2017}) 8. Bd3 {[%emt 0:00:08]} O-O {[%emt 0:01:15]} 9. O-O {[%emt 0:00:07]} Bd7 {[%emt 0:01:03]} 10. a3 {[%emt 0:01:06]} a6 {[%emt 0:07:42]} 11. Ne5 {[%emt 0:01:49]} Nxe5 {[%emt 0:08:36]} 12. dxe5 {[%emt 0:00:10]} Ne8 {[%emt 0:00:19]} 13. Qe2 $146 {[%emt 0:05:45]} ({Predecessor:} 13. f4 Bb5 14. c4 Bc6 15. Kh1 dxc4 16. Nxc4 {1-0 (40) Berdiugina,E-Stepunina,E Lvov 1999}) 13... f5 {[%emt 0:04:56]} 14. f4 {[%emt 0:12:47]} g6 {[%emt 0:01:34]} 15. Kh1 {[%emt 0:05:03]} Rc8 {[%emt 0:06:18]} 16. Bd4 {[%emt 0:08:03]} Bb5 {[%emt 0:09:59]} (16... h6 $14) 17. Bxb5 {[%emt 0:08:36]} axb5 {[%emt 0:00:02]} 18. c3 {[%emt 0:00:06]} Qd7 {[%emt 0:01:06]} 19. a4 {[%emt 0:02:59]} b4 {[%emt 0:00:43]} 20. cxb4 {[%emt 0:01:41]} Bxb4 {[%emt 0:00:04]} 21. Rfc1 {[%emt 0:00:08]} Nc7 {[%emt 0:02:23]} 22. Nf3 {[%emt 0:01:40]} Na6 {[%emt 0:02:53]} 23. Qe3 {[%emt 0:02:06]} Rxc1+ {[%emt 0:01:03]} 24. Rxc1 {[%emt 0:00:06]} Rc8 {[%emt 0:00:10]} 25. h4 $11 {[%emt 0:09:55]} h5 {[%emt 0:04:26]} 26. Ng5 Be7 1/2-1/2

[Event "Hector S Nazzari Memorial 2019"]
[Site "Montevideo"]
[Date "2019.10.17"]
[Round "4.13"]
[White "Gomez Troccoli, Martin"]
[Black "Saralegui, Mario"]
[Result "1-0"]
[WhiteElo "1961"]
[BlackElo "2059"]
[Annotator "NA RC"]
[PlyCount "80"]
[EventDate "2019.10.14"]
[EventType "swiss"]
[EventCountry "URU"]
[SourceTitle "playchess.com"]
[Source "ChessBase"]
[SourceQuality "1"]
[TimeControl "5400+30"]

1. e4 {[%emt 0:00:00]} e5 {[%emt 0:00:00]} 2. Nf3 {[%emt 0:00:00]} Nc6 {[%emt 0:00:02]} 3. Bc4 {[%emt 0:00:00]} Nf6 {[%emt 0:00:36]} 4. Ng5 {[%emt 0:00:00]} d5 5. exd5 {[%emt 0:00:00]} Na5 {[%emt 0:00:18]} 6. Bb5+ {[%emt 0:00:00]} c6 {[%emt 0:00:08]} 7. dxc6 bxc6 {[%emt 0:00:21]} 8. Qf3 {[%emt 0:00:00]} Qc7 {[%emt 0:01:02]} 9. Bd3 {[%emt 0:00:13]} Be7 {[%emt 0:00:43]} 10. Nc3 {[%emt 0:00:55]} h6 {[%emt 0:01:51]} 11. Nge4 {[%emt 0:00:49]} Nd5 {[%emt 0:00:23]} 12. Ng3 {[%emt 0:00:57]} Nf4 {[%emt 0:02:14]} 13. Be4 {[%emt 0:03:53]} O-O {[%emt 0:04:28]} 14. Nf5 {[%emt 0:04:49]} Bf6 {[%emt 0:03:43]} 15. g3 {[%emt 0:02:16]} Ne6 $2 {[%emt 0:01:58] [#]} (15... Bxf5 $16 16. Bxf5 Nd5) 16. Nxh6+ $1 {[%emt 0:02:49] Clearance} Kh8 {[%emt 0:04:04]} (16... gxh6 $142 17. Qxf6 Qd8 18. Qxh6 f5 19. Qg6+ Ng7) 17. Qh5 {[%emt 0:01:27]} Ng5 {[%emt 0:12:32]} 18. Nxf7+ {[%emt 0:00:17] Double Attack, Discovered Attack (Double check)} Kg8 {[%emt 0:00:06]} 19. Nxg5 {[%emt 0:00:16]} Bxg5 {[%emt 0:00:21]} 20. Qh7+ {[%emt 0:00:45]} Kf7 {[%emt 0:00:56]} 21. Qg6+ {[%emt 0:00:21]} Kg8 {[%emt 0:00:17]} 22. Qxg5 {[%emt 0:00:50]} Qf7 {[%emt 0:00:15]} 23. O-O {[%emt 0:01:30]} Bh3 {[%emt 0:02:12]} 24. Bg2 {[%emt 0:00:38]} Bxg2 {[%emt 0:00:48]} 25. Kxg2 {[%emt 0:00:15]} Qf3+ {[%emt 0:00:37]} 26. Kg1 {[%emt 0:00:27]} Rf5 {[%emt 0:05:38]} 27. Qe3 {[%emt 0:00:47]} Qh5 {[%emt 0:00:09]} 28. Ne4 {[%emt 0:02:48]} Raf8 {[%emt 0:04:45]} 29. d3 {[%emt 0:01:34]} Nb7 {[%emt 0:02:39]} 30. Bd2 {[%emt 0:01:07]} Nd8 {[%emt 0:00:48]} 31. Bb4 {[%emt 0:01:47]} R8f7 {[%emt 0:00:13]} 32. Nd6 {[%emt 0:03:10]} Rf3 {[%emt 0:02:25]} 33. Qe4 {[%emt 0:00:31]} R7f6 {[%emt 0:13:06]} 34. Rae1 {[%emt 0:02:27]} R3f4 {[%emt 0:16:37]} 35. Qxe5 {[%emt 0:08:42]} Qh3 {[%emt 0:02:05]} 36. Ne4 {[%emt 0:03:33]} R6f5 {[%emt 0:14:16]} 37. Qe8+ {[%emt 0:05:40]} Kh7 {[%emt 0:00:18]} 38. Qxd8 {[%emt 0:00:36]} Rg4 {[%emt 0:03:57]} 39. f4 {[%emt 0:01:56]} Rh5 {[%emt 0:01:48]} 40. Rf2 {[%emt 0:01:50]} Rg6 1-0

[Event "Hector S Nazzari Memorial 2019"]
[Site "Montevideo"]
[Date "2019.10.18"]
[Round "5.1"]
[White "Curi, Gabriel"]
[Black "Roselli Mailhe, Bernardo"]
[Result "0-1"]
[WhiteElo "2194"]
[BlackElo "2435"]
[Annotator "TA"]
[PlyCount "60"]
[EventDate "2019.10.14"]
[EventType "swiss"]
[EventCountry "URU"]
[SourceTitle "playchess.com"]
[Source "ChessBase"]
[SourceQuality "1"]

{[%evp 13,60,47,77,54,63,59,72,70,79,79,77,77,80,52,58,51,54,54,51,35,43,38,63,-20,-6,-12,-8,-18,0,0,0,-10,45,18,80,0,0,0,0,-18,0,-19,-18,-96,-105,-120,-39,-1520,-1485]} 1. d4 Nf6 2. c4 c5 3. d5 e5 4. Nc3 d6 5. e4 Be7 6. g3 O-O 7. Bg2 Nbd7 8. Nh3 {A56: Czech Benoni} (8. Nge2 a6 9. a4 b6 10. O-O Ne8 11. Kh1 g6 12. Bh6 Ng7 13. Qd2 Nf6 14. f3 Bd7 15. Rab1 Rb8 {½-½ (27) Kasimdzhanov,R (2690)-Nisipeanu,L (2668) Vitoria Gasteiz 2007}) 8... Ne8 9. O-O a6 10. a4 {White is better.} b6 {[%cal Bb7b6,Bb6b5][%mdl 32]} 11. Qd3 $146 ({Predecessor:} 11. Qe2 Ra7 12. Kh1 Kh8 13. Ra3 Nc7 14. f4 exf4 15. gxf4 Bf6 {½-½ (54) Ornstein,A (2425)-Bjork,C Degerfors 1978}) 11... Rb8 12. Bd2 Nc7 13. Rae1 Bf6 14. Kh1 b5 15. b3 $1 g6 16. f4 exf4 17. gxf4 Bg7 18. e5 ({Much worse is} 18. cxb5 $6 axb5 19. Nxb5 (19. axb5 Nxb5 20. Nxb5 Ba6 $15) 19... Nxb5 $11) (18. Ng5 $14) 18... bxc4 $11 19. bxc4 {Strongly threatening e6.} dxe5 20. f5 Ne8 21. Ne4 Ndf6 22. fxg6 (22. Nxc5 $2 Bxf5 23. Qa3 Nd6 $17) 22... fxg6 (22... hxg6 $11 23. Nxf6+ (23. Nxc5 Bf5 $11) 23... Nxf6) 23. Nxc5 $14 {Hoping for Ng5.} Qd6 (23... Nd6 $1 $11) 24. Ne4 (24. Be3 $1 $16) 24... Nxe4 $11 25. Rxf8+ ({But not} 25. Rxe4 Bf5 $17) 25... Qxf8 26. Qxe4 Rb2 27. Qe3 Nd6 $36 {[%mdl 2048] Black has good play.} 28. Rc1 (28. Ng5 $11 {keeps the balance.}) 28... Nf5 $17 29. Qe1 {[#]} Nd4 ({Black should play} 29... Bh6 $1 $17 {[%cal Rh6d2]} 30. Ng5 {[#]} Rxd2 $1 {[%mdl 512]} 31. Qxd2 Qd8) 30. Bc3 $2 {[%mdl 8192] [#]} (30. Ng5 $15) 30... Bxh3 {Played: Rb2xg2} 0-1

[Event "Hector S Nazzari Memorial 2019"]
[Site "Montevideo"]
[Date "2019.10.18"]
[Round "5.2"]
[White "Coppola, Claudio"]
[Black "Dominguez, Facundo"]
[Result "1-0"]
[WhiteElo "2270"]
[BlackElo "2130"]
[Annotator "TA"]
[PlyCount "139"]
[EventDate "2019.10.14"]
[EventType "swiss"]
[EventCountry "URU"]
[SourceTitle "playchess.com"]
[Source "ChessBase"]
[SourceQuality "1"]

{[%evp 21,139,24,24,0,-12,-7,25,25,43,43,42,37,55,54,51,54,64,57,53,53,75,48,75,29,57,35,43,35,73,24,24,24,25,24,40,47,45,41,39,42,38,54,53,53,53,21,26,13,25,38,25,22,104,54,147,145,156,156,132,13,13,22,470,450,649,595,585,566,541,532,597,789,733,681,29960,4090,29969,29970,29970,29971,29971,29972,29972,29973,29973,29974,29974,29975,29973,29975,29974,29975,29976,29977,29977,29978,29984,29982,29981,29980,29980,29981,29981,29980,29980,29978,29981,29982,29982,29982,29983,29981,29983,29984,29983,29983,29983,29983,29983,29983]} 1. d4 Nf6 2. c4 c5 3. Nf3 cxd4 4. Nxd4 Nc6 5. g3 g6 6. Bg2 Bg7 7. Nc2 O-O 8. O-O d6 9. Nc3 Be6 10. b3 Qd7 11. Bb2 Bh3 12. Ne3 {A38: Symmetrical English vs ...g6: 4 Bg2 Bg7 5 Nf3 Nf6} Bxg2 (12... Rfd8 13. Qb1 Bxg2 14. Kxg2 e6 15. Rd1 a6 16. Rd2 Ne5 17. f3 b5 18. Ne4 Nxe4 19. Qxe4 bxc4 20. bxc4 {½-½ (67) Grischuk,A (2783)-Navara,D (2737) Tbilisi 2017}) 13. Kxg2 Ne4 14. Qc2 {White has an edge.} Nxc3 15. Bxc3 Bxc3 16. Qxc3 Rac8 17. Nd5 Qe6 18. Qd2 Rfe8 19. Rad1 $146 ({Predecessor:} 19. Rac1 Qe4+ 20. f3 Qd4 21. Qxd4 Nxd4 {½-½ (21) Filip,M-Rossetto,H Buenos Aires 1964}) 19... a6 20. a4 Ne5 21. a5 Nd7 22. f3 Nf6 23. Nf4 Qe5 24. e4 Rb8 25. Rfe1 b6 26. axb6 Rxb6 27. b4 Rc6 28. Nd3 Qd4 29. e5 dxe5 $1 30. Nxe5 Qxd2+ 31. Rxd2 Rb6 32. Rb1 Rc8 33. Rdb2 Re6 34. f4 Ne4 35. Re1 Nd6 $1 36. c5 $36 {[%mdl 2048] White fights for an advantage.} Nc4 (36... f6 $11 {keeps the balance.}) 37. Rc2 (37. Rbe2 {with more complications.} Nxe5 38. Rxe5 Rxe5 39. fxe5 Rb8 40. Rb1) 37... Nxe5 ({Better is} 37... Na3 $14 38. Ra2 Nb5) 38. Rxe5 $16 ({Don't play} 38. fxe5 $6 f5 $14) 38... Rxe5 39. fxe5 $14 {[%mdl 4096] Endgame KR-KR} Kf8 40. e6 (40. Kf2 $16) 40... f5 $1 $11 41. g4 Kg7 $2 {[%mdl 8192] [#]} (41... fxg4 $11 {and Black is okay.} 42. Kg3 h5) 42. g5 $1 $18 Rc6 (42... h6 $142 43. h4 hxg5) 43. Kf3 Kf8 {If only Black now had time for ...Ke8....} 44. Kf4 Ke8 45. Ke5 Kd8 46. Kd5 Kc7 47. Rb2 Kb7 {Black hopes to continue with ...Rc8.} 48. b5 axb5 49. Rxb5+ {White mates.} Kc7 50. Ra5 Kb7 {[#]} 51. Ra7+ $3 {[%mdl 576] Deflection, Promotion} Kxa7 52. Kxc6 {KP-KP} f4 53. Kd7 f3 54. c6 f2 55. c7 f1=Q 56. c8=Q {KQ-KQ} Qb5+ 57. Kxe7 Qxg5+ 58. Ke8 Qf6 59. Qd7+ Ka6 60. Qd6+ Kb5 61. Kd7 Qf5 62. Kd8 Qf6+ 63. Qe7 Qf4 64. Qb7+ Ka4 65. e7 Qf6 66. Qd7+ Kb3 67. Kc8 Qc3+ 68. Kb8 Qe5+ 69. Ka8 Qa5+ 70. Qa7 {Accuracy: White = 69%, Black = 41%.} 1-0

[Event "Hector S Nazzari Memorial 2019"]
[Site "Montevideo"]
[Date "2019.10.18"]
[Round "5.3"]
[White "Vitoux, Colomban"]
[Black "Lopez Azambuja, Nicolas"]
[Result "1/2-1/2"]
[WhiteElo "2381"]
[BlackElo "2318"]
[Annotator "TA"]
[PlyCount "88"]
[EventDate "2019.10.14"]
[EventType "swiss"]
[EventCountry "URU"]
[SourceTitle "playchess.com"]
[Source "ChessBase"]
[SourceQuality "1"]

{[%evp 16,88,18,12,24,27,26,11,18,13,17,0,0,0,0,0,12,0,0,0,0,0,0,0,0,0,0,0,0,-8,-1,-27,-2,-50,-11,-12,-8,-8,-8,-8,0,-8,-8,-8,-8,-8,-8,-153,-152,-118,-170,-125,-160,-177,-152,-342,-134,-346,-326,-368,-214,-207,-144,-229,-215,-200,-195,-152,-29,-144,0,-48,0,-161,0]} 1. e4 e5 2. Nf3 Nc6 3. Bc4 Bc5 4. c3 Nf6 5. d3 d6 6. Nbd2 {[%cal Bb1d2,Bd2f1,Bf1g3][%mdl 32]} a6 7. Bb3 O-O 8. O-O h6 9. Re1 Be6 {C54: Giuoco Piano: 4 c3 Nf6, main lines with 5 d4 and 5 d3} (9... Ng4 $5 {[%cal Rg4f2]} 10. Rf1 Nf6 $11) 10. Bxe6 (10. Nf1 Bxb3 11. Qxb3 Qd7 12. Ng3 Rfe8 13. h3 d5 14. exd5 Nxd5 15. Ne4 Bf8 16. Bd2 b5 17. a4 {0-1 (33) Amin,B (2709)-Swiercz,D (2655) Astana 2019}) 10... fxe6 11. Nf1 Ba7 {The position is equal.} 12. Ng3 Qd7 13. d4 exd4 14. cxd4 Qf7 15. h3 Nh5 $146 {White must now prevent ...Nxd4!} ({Predecessor:} 15... Rad8 16. Be3 e5 17. d5 Bxe3 18. Rxe3 {1-0 (35) Zhao,Z (2523)-Nezad,H (2412) Batumi 2018}) 16. Nxh5 Qxh5 17. Be3 d5 18. Ne5 Qxd1 19. Raxd1 Nxe5 20. dxe5 Bxe3 21. Rxe3 $11 {[%mdl 4096] Endgame KRR-KRR} c6 22. exd5 exd5 23. Rd4 Rad8 24. b4 Kf7 25. f4 g6 26. g4 Ke6 27. Kg2 Ra8 28. Kg3 a5 29. a4 b6 30. bxa5 c5 31. f5+ (31. Rd1 $11 {keeps the balance.} bxa5 32. Red3) 31... gxf5 $17 32. gxf5+ Rxf5 33. Rh4 d4 (33... Rxa5 34. Rxh6+ Kf7 35. e6+ Kg7 36. e7 $1 $14 {[%mdl 512]}) 34. Rxh6+ Kd5 35. Rd6+ Kc4 36. Re1 $2 (36. Rf3 $17 {is the only way for White.} Rxf3+ 37. Kxf3 bxa5 38. e6) 36... Rg8+ $19 37. Kh2 bxa5 (37... Rf2+ $142 38. Kh1 Rf3) 38. e6 ({Much worse is} 38. Rc1+ Kd3) 38... Rf2+ 39. Kh1 Rgg2 $1 40. Rc1+ Kd3 $1 41. Rxc5 Rh2+ 42. Kg1 {[#] Black should prevent Rg5.} Rhg2+ (42... Rfg2+ $1 $17 43. Kf1 Re2) 43. Kh1 $15 Rh2+ (43... Ra2 $15) 44. Kg1 $19 {[#] With the idea Rg5.} Rhg2+ $2 {Accuracy: White = 58%, Black = 76%.} (44... Rfg2+ $1 $19 45. Kf1 Ra2) 1/2-1/2

[Event "Hector S Nazzari Memorial 2019"]
[Site "Montevideo"]
[Date "2019.10.18"]
[Round "5.4"]
[White "Diaz Hollemaert, Nahuel"]
[Black "El Ters, Antouan"]
[Result "1-0"]
[WhiteElo "2439"]
[BlackElo "2200"]
[Annotator "TA"]
[PlyCount "48"]
[EventDate "2019.10.14"]
[EventType "swiss"]
[EventCountry "URU"]
[SourceTitle "playchess.com"]
[Source "ChessBase"]
[SourceQuality "1"]

{[%evp 16,48,16,8,47,45,43,42,46,25,34,9,14,14,24,0,0,0,29,0,0,0,15,24,14,20,32,0,0,-37,52,32,464,459,439]} 1. Nf3 Nf6 2. c4 e6 3. b3 d5 4. Bb2 Be7 5. g3 O-O 6. Bg2 b6 7. O-O Bb7 8. e3 Nbd7 {[%cal Bb8d7,Bd7c5,Bc5e4][%mdl 32]} 9. Qe2 Nc5 {A14: English Opening: 1...e6 with b3 by White} (9... c5 10. Nc3 a6 11. Rfd1 Ra7 12. cxd5 Nxd5 13. Nxd5 Bxd5 14. d4 Qa8 15. dxc5 Nxc5 16. Bd4 a5 17. Ne1 Bxg2 18. Nxg2 {½-½ (48) Grandelius,N (2649)-Topalov,V (2754) Stavanger 2016}) 10. d4 Nce4 11. Ne5 Nd7 {White is slightly better.} 12. cxd5 $146 ({Predecessor:} 12. f3 Nxe5 13. fxe4 Ng6 14. exd5 exd5 15. Nc3 c6 16. cxd5 cxd5 17. Rf5 {1-0 (36) Iturrizaga Bonelli,E (2652)-Aledo Yanguas,D (1986) Benasque 2018}) 12... exd5 13. Rd1 Bd6 14. f3 Nef6 15. Nd2 Re8 {[%cal Rd7e5]} 16. f4 a5 17. a3 Qe7 18. g4 $36 {[%mdl 2048] White has some pressure.} Nf8 19. g5 Ne4 20. Nxe4 dxe4 21. d5 Ng6 {[%cal Rg6e5]} 22. Ng4 Bc5 (22... Bc8 $1 $15) 23. Kh1 $14 Nh4 $2 {[%mdl 8192] [#]} ({Better is} 23... Bc8 $14) 24. Bxg7 $1 $18 {[%mdl 576] Clearance} Kxg7 {Accuracy: White = 60%, Black = 39%.} ({Wrong is} 24... Nxg2 $2 25. Qb2 (25. Kxg2 Bc8 $18)) 1-0